000 01328 a2200241 4500
001 59276
005 20260407155846.0
008 260407a2022 arg spa d
003 AR-UNSa-BCEJYS
040 _aAR-UNSa-BCEJYS
_bspa
_cAR-UNSa-BCEJYS
080 _a657.6
_xAuditoria (control interno)
245 1 0 _aAuditoría
_pconceptos y métodos
020 _a978-987-4055-29-3
250 _a7a. ed.
264 1 _aRosario :
_bFoja Cero
_c2022
300 _axv, 523 p.
_c29 cm.
505 _a1. La auditoría de estados financieros - 2. El proceso de la auditoría, la evidencia y su documentación - 3. Acuerdo del encargo, planeamiento e importancia relativa - 4. Identificación y evaluación de riesgos - 5. Respuesta a los riesgos identificados y evaluados. Los procedimientos de auditoria - 6. Procedimientos de auditoria por ciclos – 7. Trabajos finales del auditor y las normas de gestión de calidad - 8. El informe del auditor sobre los estados financieros - 9. Otros trabajos e informes del auditor - 10. Sindicatura de sociedades y auditoría externa - 11. Responsabilidad del auditor
041 _aspa
942 _cBK
590 _aniveau_biblio:m niveau_hierar:0
100 1 _aLattuca, Antonio Juan
856 4 1 _uhttps://www.biblioeco.unsa.edu.ar/pmb/images/libros/L129034.jpg
_yImagen de portada
_qimage/jpeg
999 _c6633
_d6633